Normal view
MARC view
Entry Personal Name
001 - CONTROL NUMBER
- control field: 30302
003 - CONTROL NUMBER IDENTIFIER
- control field: OSt
005 - DATE AND TIME OF LATEST TRANSACTION
- control field: 20260618154556.0
008 - FIXED-LENGTH DATA ELEMENTS
- fixed length control field: 260618|| aca||aabn | a|a d
040 ## - CATALOGING SOURCE
- Original cataloging agency: OSt
- Transcribing agency: OSt
100 ## - HEADING--PERSONAL NAME
- Personal name: Correia Marlene
670 ## - SOURCE DATA FOUND
- Source citation: Work cat.: (OSt)24837: Correia Marlene, The mentors handbook; practical suggestions for collaborative reflection and analysis
